000 00527nam a2200181Ia 4500
008 240925s9999 xx 000 0 und d
020 _a9781591841500
082 _a658.4092 BOY
100 _aBoylan, Michael A.
245 0 _aAccelerants: Twelve strategies to sell faster, close deals faster, and grow your business faster
250 _aNA
260 _aNew Delhi:
_bPearson Education
_c,2007.
300 _a816p.
_b0
_fOriginal
500 _aIncludes Index
600 _aManagement
650 _aManagement
942 _cBK
999 _c17868
_d17868